Casio fx-570ES Plus (Record no. 49202)
| 000 -LEADER | |
|---|---|
| fixed length control field | 00203nam a2200097 4500 |
| 245 ## - TITLE STATEMENT | |
| Title | Casio fx-570ES Plus |
| 250 ## - EDITION STATEMENT | |
| Edition statement | 2nd Editon. |
| 300 ## - PHYSICAL DESCRIPTION | |
| Other physical details | Calculator |
| 500 ## - GENERAL NOTE | |
| General note | Calculator |
| 942 ## - ADDED ENTRY ELEMENTS (KOHA) | |
| Source of classification or shelving scheme | |
| Koha item type | Textbook |
| Withdrawn status | Lost status | Source of classification or shelving scheme | Damaged status | Not for loan | Home library | Current library | Date acquired | Total Checkouts | Barcode | Date last seen | Price effective from | Koha item type |
|---|---|---|---|---|---|---|---|---|---|---|---|---|
| Logos International School | Logos International School | 08/08/2025 | 040706 | 08/08/2025 | 08/08/2025 | Textbook | ||||||
| Logos International School | Logos International School | 08/08/2025 | 040707 | 08/08/2025 | 08/08/2025 | Textbook |